00846nam a2200169 a 450000100100000000500170001000800410002704000250006808200150009324500460010826001620015430000270031649000410034349001210038483000430050583001280054800003024320200930060149.0110505s2004 dr a 000 0 spa d aDO-SdBNPbspacBNPHU axxxbH638b01aHigiene básica y saneamiento ambiental. aSanto Domingo :bOficina Nacional para los Fondos Europeos de Desarrollo (ONFED) :bUnión Europea y Centro de Estudios Sociales Padre Juan Montalvo,c2004. a15 p. :bil. ;c24 cm.1 aMi barrioacartilla educativavno. 21 aPrograma de Cooperación descentralizada para el saneamiento ambiental de los barrios marginados de Santo Domingo ; 0aMi barrio ;pcartilla educativavno. 2 0aPrograma de Cooperación descentralizada para el saneamiento ambiental de los barrios marginados de Santo Domingo ;vno. 2